000
00248nam a2200109Ia 4500
008
240625s9999 xx 000 0 und d
041
_a
eng
082
_a
658.3125 AGU
100
_a
AGUINIS HERMAN
245
_a
PERFORMANCE MANAGEMENT
260
_c
2015
999
_c
39197
_d
39197